00851 2200301 4500001002100000005001500021035002500036008004100061020002200102040001700124082001200141084001400153090001800167090002100185100002400206245011800230250001100348260003600359300002500395504003400420650001000454700001000464700001800474850001200492007000300504999002100507990002100528INLIS00000000000303020200514112620 a0010-041500000000096150402s2014 yoi fr ind d a978-602-296-044-7 aYOPDYOGbind04222a297 a297 AZI u aDEP 297 AZI u aCB-D.11 2014-6550 aAzizah Hefnid1987-00aUdah yakin ngamalin Islam dengan benar ? Ini baca ! /cAzizah Hefni; penyunting, Kimya; ilustrator, Tristianto S. aCet. 13 aYogyakarta :bDiva Press,c2014 a219 halaman ;c19 cm aBibliografi : halaman 218-219 4aIslam0 aKimya0 aTristianto S. aYOPDYOGta aCB-D.11/2014-655 aCB-D.11/2014-655